| 000 | 00881nam a2200265Ia 4500 | ||
|---|---|---|---|
| 003 | OSt | ||
| 005 | 20221005042652.0 | ||
| 006 | a|||||r|||| 00| 0 | ||
| 007 | ta | ||
| 008 | 221004b |||||||| |||| 00| 0 eng d | ||
| 020 |
_a9781402085239 (hbk) _c8305.33 |
||
| 024 | _a96859 | ||
| 037 |
_b2620, 25/03/2009, Pioneer Books Distributors _cTextual |
||
| 040 |
_aCRL _cCRL _beng |
||
| 041 |
_2eng _aeng |
||
| 082 | _aR4,(F53), P8 | ||
| 100 |
_aCoff Christian _9590724 |
||
| 245 | 0 | _aEthical traceability and communicating food | |
| 260 |
_aDordrecht _bSpringer The Netherlands _c2008 |
||
| 300 |
_axxvi,317p. _ccm. |
||
| 490 | _aInternatu=ional library of environmental, agricultural and food ethics; 15 | ||
| 650 | _aPHILOSOPHY | ||
| 942 |
_hR4,(F53), P8 _cTEXL _2cc |
||
| 999 |
_c950630 _d950630 |
||